000 00455nam a2200145Ia 4500
008 181023s9999 xx 000 0 und d
020 _a9781138206533
100 _aVan Blerkom, Malcolm L.
245 _cMalcolm L. Van Blerkom.--
_aMeasurement and statistics for teachers /
250 _a2nd ed
260 _aNew York :
_bRoutledge
_c2017
300 _axx, 286 pages.
650 _aEducational statistics.
650 _aEducational tests and measurements.
999 _c359331
_d359331